2026 World Cup - Brazil Squad - Statistics

General Stats
  • This quiz has been taken 29 times
  • The average score is 19 of 26
Answer Stats
Hint Club Pos Answer % Correct
Fenerbahce Fenerbah%C3%A7e.svg GK Ederson
100%
PSG Paris_Saint-Germain_F.C..svg DF Marquinhos
100%
Real Madrid Real_Madrid_CF.svg FW Vinicius Junior
100%
Liverpool Liverpool_FC.svg GK Alisson Becker
96%
Manchester United Manchester_United_FC_crest.svg MF Casemiro
96%
Arsenal Arsenal_FC.svg FW Gabriel Martinelli
96%
Santos Santos_Futebol_Clube_logo_%28with_stars_and_crown%29.png FW Neymar
96%
Newcastle United Newcastle_United_Logo.svg MF Bruno Guimarães
92%
Arsenal Arsenal_FC.svg DF Gabriel Magalhães
92%
Barcelona FC_Barcelona_%28crest%29.svg FW Raphinha
92%
Juventus Juventus_FC_-_logo_black_%28Italy%2C_2020%29.svg DF Bremer
85%
Manchester United Manchester_United_FC_crest.svg FW Matheus Cunha
81%
Brentford Brentford_FC_crest.svg FW Igor Thiago
77%
Olympique Lyonnais Olympique_Lyonnais_logo.svg FW Endrick
73%
At-Ittihad Al-Ittihad_Club_%28Jeddah%29_logo.svg MF Fabinho
73%
Gremio Gremio_logo.svg GK Weverton
69%
Flamengo Clube_de_Regatas_do_Flamengo_logo.svg DF Alex Sandro
65%
Flamengo Clube_de_Regatas_do_Flamengo_logo.svg DF Danilo
65%
Bournemouth Logo_of_AC_Milan.svg FW Rayan
62%
Al-Ahli Al_Ahli_Saudi_FC_logo.svg DF Ibanez
58%
Flamengo Clube_de_Regatas_do_Flamengo_logo.svg MF Lucas Paqueta
58%
Roma AS_Roma_logo_%282017%29.svg DF Wesley
58%
Zenit St. Petersburg FC_Zenit_Saint_Petersburg_crest.svg FW Luiz Henrique
50%
Zenit St. Petersburg FC_Zenit_Saint_Petersburg_crest.svg DF Douglas Santos
38%
Botafogo Botafogo_de_Futebol_e_Regatas_logo.svg MF Danilo Santos
35%
Flamengo Clube_de_Regatas_do_Flamengo_logo.svg DF Leo Pereira
27%
No matching quizzes found
Score Distribution
Percent of People with Each Score
Percentile by Number Answered
Your Score History
You have not taken this quiz